Journal of Property Investment and Finance (Record no. 118681)
[ view plain ]
| 000 -LEADER | |
|---|---|
| fixed length control field | 00601cas a22002055a 4500 |
| 001 - CONTROL NUMBER | |
| control field | L99718 |
| 008 - FIXED-LENGTH DATA ELEMENTS--GENERAL INFORMATION | |
| fixed length control field | 070621c1999 xxkzr p 0 a0eng |
| 022 0# - INTERNATIONAL STANDARD SERIAL NUMBER | |
| International Standard Serial Number | 1463-578X |
| 035 ## - SYSTEM CONTROL NUMBER | |
| System control number | (Sirsi) u99172 |
| 041 0# - LANGUAGE CODE | |
| Language code of text/sound track or separate title | eng |
| 245 00 - TITLE STATEMENT | |
| Title | Journal of Property Investment and Finance |
| 260 3# - PUBLICATION, DISTRIBUTION, ETC. | |
| Place of publication, distribution, etc. | Bradford |
| Name of publisher, distributor, etc. | MCB University Press |
| Date of publication, distribution, etc. | 1999- |
| 362 ## - DATES OF PUBLICATION AND/OR SEQUENTIAL DESIGNATION | |
| Dates of publication and/or sequential designation | London: 17(1) 1999- |
| 362 0# - DATES OF PUBLICATION AND/OR SEQUENTIAL DESIGNATION | |
| Dates of publication and/or sequential designation | Edinburgh: 1999-2000 |
| 651 #4 - SUBJECT ADDED ENTRY--GEOGRAPHIC NAME | |
| Geographic name | International |
| 690 ## - LOCAL SUBJECT ADDED ENTRY--TOPICAL TERM (OCLC, RLIN) | |
| Topical term or geographic name as entry element | PROPERTY-PROPERTY FINANCE AND INVESTMENT |
| 780 00 - PRECEDING ENTRY | |
| Title | Journal of Property Valuation and Investment |
| International Standard Serial Number | 0960-2712 |
| 942 ## - ADDED ENTRY ELEMENTS (KOHA) | |
| Suppress in OPAC | 0 |
| Source of classification or shelving scheme | Dewey Decimal Classification |
| 948 ## - LOCAL PROCESSING INFORMATION (OCLC); SERIES PART DESIGNATOR (RLIN) | |
| c (OCLC) | 09/02/1994 |
| Withdrawn status | Lost status | Source of classification or shelving scheme | Damaged status | Not for loan | Home library | Current library | Shelving location | Date acquired | Total Checkouts | Full call number | Barcode | Date last seen | Price effective from | Koha item type |
|---|---|---|---|---|---|---|---|---|---|---|---|---|---|---|
| Dewey Decimal Classification | London | London | Gallery | 21/04/2004 | JOURNAL OF PROPERTY INVESTMENT AND FIN | 99172-1001 | 06/08/2019 | 06/08/2019 | Journal |